000 00372nam a2200133 i 4500
001 bg
100 1 _aHERTEL, Joachim
245 0 _aEin Modell der dynamischen Erholung von Stahlen Wahrend der Warmumformung :
_bpraca doktorka /
_cJoachim Hertel.
260 _aAachem,
_c1979.
040 _cBPK
041 _apol
942 _cKS
008 s pl f |000 0 pol
999 _c29060
_d29060
856 _uhttp://koha.tu.koszalin.pl/cgi-bin/koha/opac-detail.pl?biblionumber=29060
_yKatalog online BPK